[Event "TUR-ch U13-U18"]
[Site "Antalya"]
[Date "2020.01.24"]
[Round "10"]
[White "Karakilinc, Ali Kerem"]
[Black "Bostan, Baturalp"]
[Result "1/2-1/2"]
[WhiteElo "1198"]
[BlackElo "1219"]
[PlyCount "93"]
[EventDate "2020.01.19"]
[EventType "swiss"]
[EventRounds "11"]
[EventCountry "TUR"]
[SourceTitle "CBM 195 Extra"]
[Source "ChessBase"]
[SourceDate "2020.05.31"]
[SourceVersion "1"]
[SourceVersionDate "2020.05.31"]
[SourceQuality "1"]

1. e4 b6 2. d4 e6 3. Bd3 Bb7 4. Qe2 c5 5. c3 Nf6 6. Nf3 d5 7. e5 Ne4 8. 0-0 Be7 9. Bf4 0-0 10. Nbd2 Nxd2 11. Qxd2 Nc6 12. Qe2 cxd4 13. cxd4 Nb4 14. a3 Nxd3 15. Qxd3 Rc8 16. Rac1 h6 17. Rxc8 Qxc8 18. Rc1 Qd7 19. Rc3 Rc8 20. h3 Rc7 21. Bd2 Qc8 22. Rxc7 Qxc7 23. Qc3 Qxc3 24. Bxc3 Kf8 25. Kf1 Ke8 26. Nd2 Kd7 27. Ke2 Bg5 28. g3 Be7 29. Ke3 f5 30. f4 g5 31. Kf2 Ke8 32. Kf3 Kf7 33. Nf1 h5 34. Be1 Ba6 35. Ne3 Ke8 36. Nc2 Bf1 37. h4 g4+ 38. Ke3 Kd7 39. Kd2 Kc6 40. Kc3 b5 41. b4 Bd8 42. Kb2 Bb6 43. Bd2 Bd3 44. Be3 Bxc2 45. Kxc2 a5 46. Kb3 a4+ 47. Kc3 1/2-1/2

[Event "TUR-chT Clubs"]
[Site "Konya"]
[Date "2019.07.21"]
[Round "9.17"]
[White "Kaynak, Deniz Can"]
[Black "Karakilinc, Ali Kerem"]
[Result "1-0"]
[WhiteElo "1488"]
[BlackElo "1160"]
[PlyCount "131"]
[EventDate "2019.07.16"]
[EventType "team-swiss"]
[EventRounds "9"]
[EventCountry "TUR"]
[SourceTitle "CBM 191 Extra"]
[Source "ChessBase"]
[SourceDate "2019.09.30"]
[SourceVersion "1"]
[SourceVersionDate "2019.09.30"]
[SourceQuality "1"]
[WhiteTeam "Tusas Dernegi"]
[BlackTeam "Tokat Ozgem Grup"]
[WhiteTeamCountry "TUR"]
[BlackTeamCountry "TUR"]

1. e4 e5 2. Nf3 Nc6 3. Bc4 Nf6 4. d3 d6 5. c3 h6 6. Nbd2 Bg4 7. h3 Bh5 8. Nf1 Be7 9. Bb3 Bg6 10. Ng3 a6 11. Qe2 Qd7 12. Nh4 Bf8 13. a4 Bh7 14. Nhf5 Bxf5 15. Nxf5 g6 16. Ng3 Bg7 17. Qf3 Qe7 18. 0-0 0-0 19. Qe2 Rad8 20. f4 exf4 21. Bxf4 Rfe8 22. Rae1 Kh7 23. Qf2 Ne5 24. Bxe5 dxe5 25. Re3 Rd7 26. Rf3 Rf8 27. Bc2 c6 28. Rxf6 Bxf6 29. Qxf6 Qxf6 30. Rxf6 Kg7 31. Rf3 Rfd8 32. Kf2 c5 33. Ne2 Rb8 34. Bb3 Rbd8 35. Bd5 Rf8 36. g4 Re7 37. Ke3 Rc8 38. Ng3 Rd8 39. h4 Red7 40. h5 Rf8 41. Rf1 Rc7 42. a5 Rd7 43. c4 Rb8 44. b4 Rc8 45. Rb1 cxb4 46. Rxb4 Rc5 47. Ra4 Re7 48. Ne2 f6 49. Nc1 Rcc7 50. Rb4 Red7 51. Rb6 gxh5 52. gxh5 Kh7 53. Rxf6 Rg7 54. Z0 Rc8 55. Be6 Rcc7 56. Bf5+ Kg8 57. Rxh6 Rge7 58. Be6+ Kg7 59. Rg6+ Kh8 60. h6 Rc8 61. h7 Rf8 62. Ke2 Rg7 63. Rxg7 Kxg7 64. Nb3 Rc8 65. Kd2 Kh8 66. Kc3 1-0

[Event "TUR-chT Clubs"]
[Site "Konya"]
[Date "2019.07.20"]
[Round "7.16"]
[White "Cora, Efe"]
[Black "Karakilinc, Ali Kerem"]
[Result "0-1"]
[WhiteElo "1317"]
[BlackElo "1160"]
[PlyCount "56"]
[EventDate "2019.07.16"]
[EventType "team-swiss"]
[EventRounds "9"]
[EventCountry "TUR"]
[SourceTitle "CBM 191 Extra"]
[Source "ChessBase"]
[SourceDate "2019.09.30"]
[SourceVersion "1"]
[SourceVersionDate "2019.09.30"]
[SourceQuality "1"]
[WhiteTeam "Duzce Siyah Beyaz"]
[BlackTeam "Tokat Ozgem Grup"]
[WhiteTeamCountry "TUR"]
[BlackTeamCountry "TUR"]

1. d4 d5 2. c4 e6 3. Nf3 Nf6 4. Bg5 Be7 5. Nc3 c6 6. e3 0-0 7. Bd3 dxc4 8. Bxc4 Nbd7 9. 0-0 Re8 10. Qc2 h6 11. Bh4 Nd5 12. Bxe7 Qxe7 13. e4 Nxc3 14. bxc3 Nf6 15. Rfe1 Qc7 16. a4 Bd7 17. Ne5 Bc8 18. a5 Nh7 19. Nd3 e5 20. Qb3 Re7 21. Qb4 Re8 22. Rad1 exd4 23. cxd4 b6 24. axb6 Qxb6 25. Qd6 Be6 26. Rb1 Qd8 27. Qc5 Qe7 28. Bxe6 fxe6 0-1